Swiss Super League 2025/26 First XI - Statistics

General Stats
  • This quiz has been taken 24 times
  • The average score is 27 of 132
Answer Stats
Club Position Nationality Player % Correct
Basel RB Keigo Tsunemoto
57%
Basel GK Marwin Hitz
57%
Luzern GK Pascal Loretz
52%
Basel AM Xherdan Shaqiri
52%
Basel FW Albian Ajeti
48%
Basel AM Bénie Traoré
48%
Young Boys GK Marvin Keller
48%
Zürich GK Yanick Brecher
48%
Young Boys FW Chris Bedia
43%
Young Boys LB Jaouen Hadjam
43%
Young Boys CB Loris Benito
43%
Luzern DM Pius Dorn
43%
Luzern CB Adrian Bajrami
38%
Luzern FW Adrian Grbić
38%
Sion GK Anthony Racioppi
38%
Servette GK Jérémy Frick
38%
Thun GK Niklas Steffen
38%
Basel AM Philip Otele
38%
Winterthur GK Stefanos Kapino
38%
Lugano GK Amir Saipi
33%
Young Boys FW Christian Fassnacht
33%
Thun LB Michael Heule
33%
Servette AM Miroslav Stevanović
33%
St. Gallen FW Alessandro Vogt
29%
Luzern LB Bung Meng Freimann
29%
Basel LB Dominik Schmid
29%
Thun FW Elmin Rastoder
29%
Young Boys LM Joel Monteiro
29%
Basel CB Jonas Adjetey
29%
Thun DM Leonardo Bertone
29%
St. Gallen CM Lukas Görtler
29%
Thun CB Marco Bürki
29%
Luzern AM Matteo Di Giusto
29%
Young Boys CM Rayan Raveloson
29%
Servette FW Samuel Mráz
29%
Luzern CB Stefan Knežević
29%
Zürich CM Steven Zuber
29%
St. Gallen CM Behar Neziri
24%
Thun FW Christopher Ibayi
24%
Young Boys CM Edimilson Fernandes
24%
Thun AM Franz-Ethan Meichtry
24%
Lugano FW Kevin Behrens
24%
Basel DM Koba Koindredi
24%
Lugano CB Lars Lukas Mai
24%
Basel DM Léo Leroy
24%
Basel CB Nicolas Vouilloz
24%
Winterthur AM Randy Schneider
24%
Luzern RB Sascha Britschgi
24%
Servette RB Théo Magnin
24%
Luzern DM Tyron Owusu
24%
St. Gallen FW Willem Geubbels
24%
Lugano DM Anto Grgić
19%
Sion AM Anton Miranchuk
19%
St. Gallen CM Carlo Boukhalfa
19%
St. Gallen LM Chima Okoroji
19%
Young Boys RM Darian Males
19%
Thun RB Fabio Fehr
19%
Thun CB Genís Montolio
19%
St. Gallen RM Hugo Vandermersch
19%
Sion CB Jan Kronig
19%
Luzern AM Julian von Moos
19%
Grasshopper GK Justin Hammel
19%
Thun AM Justin Roth
19%
Lausanne-Sport GK Karlo Letica
19%
Sion CB Kreshnik Hajrizi
19%
St. Gallen GK Lukas Watkowiak
19%
Zürich CB Mariano Gómez
19%
Zürich CM Miguel Reichmuth
19%
Thun AM Nils Reichmuth
19%
Lausanne-Sport CM Olivier Custodio
19%
Winterthur CB Remo Arnold
19%
Zürich FW Umeh Emmanuel
19%
Sion AM Ylyas Chouaref
19%
Servette CB Yoan Severin
19%
Winterthur CB Adrian Durrer
14%
Winterthur FW Brian Beyer
14%
Winterthur FW Christian Gomis
14%
St. Gallen CB Cyrill May
14%
Lausanne-Sport CM Gaoussou Diakite
14%
Servette AM Giotto Morandi
14%
Young Boys CB Gregory Wüthrich
14%
Lausanne-Sport DM Jamie Roche
14%
St. Gallen CB Jozo Stanić
14%
Luzern AM Kevin Spadanuda
14%
Zürich RB Lindrit Kamberi
14%
Winterthur DM Luca Zuffi
14%
Zürich CM Nelson Palacio
14%
Grasshopper FW Nikolas Muci
14%
Sion RB Numa Lavanchy
14%
Lugano DM Ousmane Doumbia
14%
Sion FW Rilind Nivokazi
14%
Servette DM Timothé Cognat
14%
Grasshopper FW Tomás Verón Lupi
14%
St. Gallen CB Tom Gaal
14%
Young Boys RB Zachary Athekame
14%
Lausanne-Sport FW Alban Ajdini
10%
Winterthur DM Alexandre Jankewitz
10%
Grasshopper CM Amir Abrashi
10%
Servette LB Bradley Mazikou
10%
Lugano CB Damian Kelvin
10%
Servette CB Dylan Bronn
10%
Grasshopper CM Imourane Hassane
10%
Lausanne-Sport CB Karim Sow
10%
Grasshopper FW Luke Plange
10%
Grasshopper CB Maksim Paskotši
10%
Zürich FW Matthias Phaeton
10%
Lugano DM Mattia Bottani
10%
Lausanne-Sport LB Morgan Poaty
10%
Zürich LB Neil Volken
10%
Sion LB Nias Hefti
10%
Lausanne-Sport CB Noë Dussenne
10%
Sion DM Noé Sow
10%
Grasshopper CB Saulo Decarli
10%
Lugano AM Uran Bislimi
10%
Lugano DM Yanis Cimignani
10%
Lugano RB Zachary Brault-Guillard
10%
Servette AM Alexis Antunes
5%
Sion DM Ali Kabacalman
5%
Grasshopper RM Allan Arigoni
5%
Lugano LB Ayman El Wafi
5%
Sion AM Benjamin Kololli
5%
Zürich FW Damienus Reverson
5%
Winterthur DM Dario Ulrich
5%
Zürich CB Ilan Sauter
5%
Lausanne-Sport RB Kevin Mouanga
5%
Lausanne-Sport FW Konrad De La Fuente
5%
Servette DM Lamine Fomba
5%
Winterthur CB Ledjan Sahitaj
5%
Lausanne-Sport FW Mamadou Kaly Sene
5%
Winterthur DM Silvan Sidler
5%
Grasshopper LM Simone Stroscio
5%
Grasshopper CB Yannick Bettkober
5%
No matching quizzes found
Score Distribution
Percent of People with Each Score
Percentile by Number Answered
Your Score History
You have not taken this quiz